Una religión para nuestro tiempo /

Conferencias y predicaciones respecto a la necesidad del cristiano en el siglo XX de renovar su participación en la práctica religiosa y de una espiritualidad más profunda. Se abordan temas como la vocación de los laicos dentro de la iglesia y los problemas del Tercer Mundo, entre los que resaltan l...

Ful tanımlama

Kaydedildi:
Detaylı Bibliyografya
Yazar: Evely, Louis (autor)
Diğer Yazarlar: Ortiz, Alfonso (traducción) (traducción)
Materyal Türü: Kitap
Dil:İspanyolca
Baskı/Yayın Bilgisi: Salamanca, España : Sígueme, 1969, c1969
Edisyon:16a edición
Seri Bilgileri:(Hinnení ; 34)
Konular:
Etiketler: Etiketle
Etiket eklenmemiş, İlk siz ekleyin!

MARC

LEADER 00000nam^a2200000^a^4500
001 000400426
005 20250521000000.0
009 20260310121619.855
037 |a Acervo ITESO - Biblioteca 
041 |a ESP 
082 |a 248.  |b EVE 
100 |a Evely, Louis  |e (autor) 
245 1 4 |a Una religión para nuestro tiempo /  |c L. Evely ; pról. de Joan Fortuny i Escoda ; tr. por A. Ortiz. 
250 |a 16a edición 
264 4 |a Salamanca, España :  |b Sígueme,  |c 1969, c1969 
300 |a 235 p. 
336 |a texto  |b txt  |2 rdacontenido 
337 |a sin mediación  |b n  |2 rdamedio 
338 |a volumen  |b nc  |2 rdasoporte 
440 1 |a (Hinnení ;  |v 34) 
520 |a Conferencias y predicaciones respecto a la necesidad del cristiano en el siglo XX de renovar su participación en la práctica religiosa y de una espiritualidad más profunda. Se abordan temas como la vocación de los laicos dentro de la iglesia y los problemas del Tercer Mundo, entre los que resaltan la pobreza, la necesidad de trabajo misionero, el ateísmo operante en Occidente y la necesidad de reintegrar la oración y los sacramentos en la vida cristiana. Pareciera necesaria en la Iglesia una nueva encarnación de Cristo que responda a esas necesidades. 
649 |a XX 
650 |a Pobreza -  |z Países Subdesarrollados 
650 |a Ateísmo 
650 |a Oración (Religión) 
650 |a Sacramentos 
650 |a Misión de la Iglesia 
650 |a Iglesia y Problemas Sociales 
650 |a Iglesia Católica -  |x Historia -  |y Siglo XX 
650 |a Vida Cristiana -  |x Tema Principal 
650 |a Cristianismo y Sociedad 
650 |a Cristianismo -  |x Historia -  |y Siglo XX -  |x Tema Principal 
650 |a Religión 
700 |a Ortiz, Alfonso  |e (traducción) 
910 |a Fondo Carlos Núñez Hurtado 
920 |a Impresos - Libros 
930 |a Fondos Especiales 
905 |a 117 
901 |a 0500295982  |b IT2  |c ESP  |i d80053  |u 20250521 
902 |a https://opac.biblio.iteso.mx/vufind/Record/000400426